000 00219nam a22000857a 4500
008 170603b xxu||||| |||| 00| 0 eng d
100 _93253
_aFusion Books
245 _aDelightful jokes
260 _aNew Delhi
_bFusion Book
_c2003
999 _c6567
_d6567